| 000 | 01228cam a22003734a 4500 | ||
|---|---|---|---|
| 001 | 5718 | ||
| 003 | FISKH | ||
| 005 | 20250116102316.0 | ||
| 008 | 010705s2002 nyua b 000 0beng | ||
| 010 | _a 2001046043 | ||
| 020 | _a0689848153 | ||
| 020 | _a9780689848155 | ||
| 040 |
_aDLC _cDLC _dDLC _beng |
||
| 050 | _aGV1545.H8 | ||
| 082 | _a793.8 | ||
| 100 | 1 |
_aLakin, Patricia, _d1944- |
|
| 245 | 1 | 0 |
_aHarry Houdini _bescape artist / _cwritten by Patricia Lakin. |
| 260 |
_aNew York : _bAladdin, _c2002. |
||
| 300 |
_a31 pages : _bcolor illustrations ; _c23 cm |
||
| 440 | 0 | _aReady-to-read | |
| 505 | _aM | ||
| 520 | _aSimple text describes how Harry Houdini, born Ehrich Weiss, worked hard to become a great magician. | ||
| 521 | 8 |
_a560
_bLexile |
|
| 521 | 8 |
_aM
_bRaz-Plus |
|
| 600 | 1 | 0 |
_aHoudini, Harry, _d1874-1926 _vJuvenile literature. |
| 600 | 1 | 1 |
_aHoudini, Harry, _d1874-1926. |
| 650 | 0 |
_aMagicians _zUnited States _vBiography _vJuvenile literature. |
|
| 650 | 0 |
_aEscape artists _zUnited States _vBiography _vJuvenile literature. |
|
| 650 | 1 | _aMagicians. | |
| 700 |
_aGeary, Rick _eIllustrator |
||
| 906 |
_a7 _bcbc _corignew _d1 _eocip _f20 _gy-gencatlg |
||
| 942 |
_2ddc _cBK _n0 |
||
| 999 |
_c5718 _d5718 |
||